Taylor Swift's Last Kiss Lyrics - Statistics

General Stats
  • This quiz has been taken 2,501 times
  • The average score is 338 of 398
Answer Stats
Answer % Correct
I
100%
a
98%
you
98%
You
98%
the
97%
The
97%
your
97%
Your
97%
kiss
96%
last
96%
last...
96%
like
94%
on
94%
to
94%
me
93%
never
93%
Never
93%
For
92%
for
92%
so
92%
So
92%
this
92%
have
91%
in
91%
and
90%
And
90%
be
90%
I'm
90%
though
90%
we'd
90%
end
89%
go
89%
how
89%
How
89%
my
89%
that
89%
That
89%
us
89%
do
88%
I'll
88%
It
87%
just
87%
Just
87%
know
87%
our
86%
thought
86%
lips
85%
of
85%
remember
85%
still
85%
don't
84%
look
84%
love
84%
face
83%
feel
83%
imagined
83%
with
83%
is
82%
life
82%
name
82%
used
82%
watch
82%
All
81%
did
81%
forever
81%
Forever
81%
miss
81%
something
81%
are
80%
day
80%
it's
80%
pictures
80%
sleep
80%
up
79%
why
79%
But
78%
where
78%
at
77%
can
77%
clothes
77%
loved
77%
sit
77%
floor
76%
friends
76%
not
76%
now
76%
them
76%
told
76%
Wearing
76%
ask
75%
breathe
75%
forget
75%
when
75%
had
74%
Hope
74%
hope
74%
old
74%
was
74%
keep
73%
nice
73%
away?
72%
Away
72%
hands
72%
you're
72%
middle
71%
off
71%
sun
71%
1:58
70%
beautiful
70%
plan
70%
rain
70%
saying
70%
smell
70%
shines
69%
wish
69%
heart
68%
mind
68%
through
68%
pockets
67%
recall
67%
rude
67%
stayed
67%
There's
67%
those
67%
time
67%
walk
66%
dancing
65%
father
65%
reminds
65%
again
64%
beat
64%
changing
64%
words
64%
darkness
63%
handshake
63%
interruptions
63%
party
63%
much
62%
planned
62%
change
61%
kissed
61%
meeting
61%
pavement
61%
weather
61%
whispered
61%
showing
60%
arms
59%
July
59%
Because
58%
then
58%
eyes
57%
pull
57%
ran
57%
shirt
57%
9th
56%
Fresh
56%
plane
55%
Lit
53%
step
51%
roll
48%
jumps
46%
swing
44%
No matching quizzes found
Score Distribution
Percent of People with Each Score
Percentile by Number Answered
Your Score History
You have not taken this quiz